[Event "FICGS W-ch st1 gN 01 email"]
[Site "FICGS email"]
[Date "2020.11.05"]
[Round "1"]
[White "Koslowski, Volker"]
[Black "Gounant, Stanislas"]
[Result "1/2-1/2"]
[WhiteElo "2170"]
[BlackElo "2198"]
[PlyCount "88"]
[EventDate "2020.??.??"]
[EventType "tourn (corr)"]
[EventRounds "6"]
[SourceTitle "Corr 2022"]
[Source "ChessBase"]
[SourceDate "2021.10.24"]
[SourceVersion "1"]
[SourceVersionDate "2021.10.24"]
[SourceQuality "1"]

1. e4 c6 2. d4 d5 3. e5 c5 4. Nf3 cxd4 5. Nxd4 Nc6 6. Nxc6 bxc6 7. Bd3 e6 8. 0-0 Ne7 9. Nd2 Nf5 10. Re1 a5 11. Nf3 Be7 12. c3 0-0 13. Qe2 Rb8 14. b3 c5 15. Bd2 Rb6 16. c4 Rb7 17. Bf4 d4 18. Rab1 Ra7 19. Nd2 Bb7 20. Ne4 Bc6 21. a3 Ba8 22. g3 h6 23. Rb2 Rb7 24. Reb1 Rb6 25. Bd2 Ra6 26. h4 Qc7 27. h5 Kh8 28. Bf4 Qb7 29. Kh2 g5 30. hxg6 fxg6 31. Bd2 Qc7 32. b4 cxb4 33. axb4 axb4 34. Bxb4 Bxb4 35. Rxb4 Ra5 36. Rb5 Rxb5 37. Rxb5 Bc6 38. Nf6 Bxb5 39. cxb5 Kg7 40. Qg4 Qxe5 41. Nd7 Qe1 42. Nxf8 Qxf2+ 43. Kh3 Kxf8 44. b6 h5 1/2-1/2

[Event "FICGS W-ch st1 gN 01 email"]
[Site "FICGS email"]
[Date "2020.11.05"]
[Round "1"]
[White "Koslowski, Volker"]
[Black "Koivuniemi, Raimo"]
[Result "1/2-1/2"]
[WhiteElo "2170"]
[BlackElo "2221"]
[PlyCount "81"]
[EventDate "2020.??.??"]
[EventType "tourn (corr)"]
[EventRounds "6"]
[SourceTitle "Corr 2022"]
[Source "ChessBase"]
[SourceDate "2021.10.24"]
[SourceVersion "1"]
[SourceVersionDate "2021.10.24"]
[SourceQuality "1"]

1. e4 c5 2. Nf3 Nc6 3. d4 cxd4 4. Nxd4 e5 5. Nb5 Nf6 6. N1c3 d6 7. Nd5 Nxd5 8. exd5 Nb8 9. a4 Be7 10. Be2 0-0 11. 0-0 Nd7 12. Kh1 f5 13. f4 a6 14. Na3 exf4 15. Bxf4 Ne5 16. Bxe5 dxe5 17. Nc4 Bf6 18. a5 Rb8 19. Qd2 e4 20. Rad1 Bd7 21. Nb6 Bxb2 22. c4 Ba3 23. Qd4 Bb4 24. d6 Bc6 25. c5 Bxa5 26. Nc4 Kh8 27. Ne5 Qf6 28. Bxa6 Rbc8 29. Be2 g6 30. Rb1 Bc3 31. Qxc3 Rce8 32. Nxg6+ hxg6 33. Qxf6+ Rxf6 34. Bb5 Kg7 35. Bxc6 bxc6 36. Rb6 Rc8 37. h4 Rf7 38. Rd1 Kh6 39. g3 Kh5 40. Kg2 g5 41. hxg5 1/2-1/2

[Event "SM-2020-0-00432"]
[Site "LSS email"]
[Date "2020.08.26"]
[Round "?"]
[White "Cvak, Rudolf"]
[Black "Koslowski, Volker"]
[Result "1/2-1/2"]
[WhiteElo "2329"]
[BlackElo "2274"]
[PlyCount "67"]
[EventDate "2020.06.13"]
[EventType "tourn (corr)"]
[EventRounds "6"]
[EventCountry "GER"]
[SourceTitle "Corr 2022"]
[Source "ChessBase"]
[SourceDate "2021.10.24"]
[SourceVersion "1"]
[SourceVersionDate "2021.10.24"]
[SourceQuality "1"]

1. e4 e5 2. Nf3 Nc6 3. Bc4 Bc5 4. 0-0 Nf6 5. d3 d6 6. c3 0-0 7. a4 a5 8. Bg5 h6 9. Bh4 g5 10. Bg3 Kg7 11. Nbd2 Ba7 12. Re1 g4 13. Bh4 Ne7 14. Bxf6+ Kxf6 15. Nh4 h5 16. h3 Ng6 17. Nf5 Bxf5 18. exf5 Kxf5 19. Ne4 d5 20. hxg4+ hxg4 21. Ng3+ Kg5 22. Qd2+ Kf6 23. d4 dxc4 24. Rxe5 Nxe5 25. Qf4+ Kg6 26. Qf5+ Kg7 27. Qxe5+ Kg8 28. Nf5 f6 29. Qf4 Rf7 30. Nh6+ Kg7 31. Nxf7 Kxf7 32. Qf5 Qe8 33. Qh7+ Kf8 34. Qh8+ 1/2-1/2

[Event "RM-2020-0-00210"]
[Site "LSS email"]
[Date "2020.05.25"]
[Round "?"]
[White "Enev, Zlatko"]
[Black "Koslowski, Volker"]
[Result "1/2-1/2"]
[WhiteElo "2301"]
[BlackElo "2273"]
[PlyCount "57"]
[EventDate "2020.04.18"]
[EventType "tourn (corr)"]
[EventRounds "6"]
[EventCountry "GER"]
[SourceTitle "Corr 2022"]
[Source "ChessBase"]
[SourceDate "2021.10.24"]
[SourceVersion "1"]
[SourceVersionDate "2021.10.24"]
[SourceQuality "1"]

1. e4 e5 2. Nf3 Nc6 3. Bb5 a6 4. Ba4 Nf6 5. d3 Bc5 6. c3 b5 7. Bb3 d6 8. 0-0 h6 9. Re1 0-0 10. Nbd2 Be6 11. h3 Re8 12. Bc2 Bb6 13. a4 b4 14. Nf1 bxc3 15. bxc3 Ba5 16. Bd2 d5 17. exd5 Bxd5 18. Ng3 Bxf3 19. Qxf3 Nd4 20. cxd4 Bxd2 21. Rxe5 Qxd4 22. Rxe8+ Rxe8 23. Rb1 g6 24. Ne4 Bg5 25. Bb3 Kg7 26. g3 Re7 27. h4 Nxe4 28. dxe4 Bf6 29. Rc1 1/2-1/2

[Event "RM-2020-0-00210"]
[Site "LSS email"]
[Date "2020.05.25"]
[Round "?"]
[White "Koslowski, Volker"]
[Black "Usmanoff, Rustam"]
[Result "1-0"]
[WhiteElo "2273"]
[BlackElo "2163"]
[PlyCount "29"]
[EventDate "2020.04.18"]
[EventType "tourn (corr)"]
[EventRounds "6"]
[EventCountry "GER"]
[SourceTitle "Corr 2022"]
[Source "ChessBase"]
[SourceDate "2021.10.24"]
[SourceVersion "1"]
[SourceVersionDate "2021.10.24"]
[SourceQuality "1"]

1. e4 e5 2. Nf3 Nc6 3. Bc4 Bc5 4. 0-0 Nf6 5. d3 d6 6. c3 h6 7. Re1 a6 8. Nbd2 0-0 9. a4 Be6 10. b4 Bxc4 11. Nxc4 Ba7 12. Be3 Bxe3 13. Nxe3 Re8 14. h3 Qd7 15. Qc2 1-0

[Event "FICGS rapid A 000254 email"]
[Site "FICGS email"]
[Date "2020.05.24"]
[Round "1"]
[White "Kuliy, Oleksandr"]
[Black "Koslowski, Volker"]
[Result "0-1"]
[WhiteElo "2003"]
[BlackElo "2139"]
[PlyCount "140"]
[EventDate "2020.??.??"]
[EventType "tourn (rapid)"]
[EventRounds "6"]
[SourceTitle "Corr 2022"]
[Source "ChessBase"]
[SourceDate "2021.10.24"]
[SourceVersion "1"]
[SourceVersionDate "2021.10.24"]
[SourceQuality "1"]

1. d4 Nf6 2. c4 e6 3. Nc3 Bb4 4. e3 0-0 5. Bd2 d5 6. Nf3 b6 7. cxd5 exd5 8. Bd3 Bd6 9. 0-0 Bb7 10. Rc1 c5 11. Ne5 Nc6 12. Ng4 Ne8 13. f4 f5 14. Ne5 cxd4 15. Nxc6 Bxc6 16. exd4 Qd7 17. Qb3 Nf6 18. Nb5 Bxb5 19. Qxb5 Qe6 20. Bc2 Rad8 21. Rfe1 Ne4 22. Be3 h5 23. Bb3 Bb8 24. Ba4 Qf7 25. Rc2 g6 26. Qb3 Kg7 27. a3 h4 28. Rf1 Qe6 29. Qd3 Bd6 30. Re1 Rf7 31. Bb3 Re7 32. Qf1 Rde8 33. Ba4 Rc8 34. Rce2 a6 35. Qf3 Rec7 36. Bb3 Be7 37. Rd1 Qd7 38. Qf1 Bf6 39. Rd3 a5 40. a4 b5 41. axb5 Qxb5 42. Qd1 Be7 43. Ba4 Qa6 44. Re1 Rb8 45. Rb3 Bb4 46. Rf1 Rbb7 47. Qd3 Rc4 48. Ra1 Be7 49. Rf1 Qa8 50. Ra1 Qb8 51. Rxb7 Qxb7 52. Ra2 Bd6 53. h3 Rb4 54. b3 Qb8 55. Bd2 Rb7 56. Qa6 Ra7 57. Qb5 Qc7 58. Qf1 Nxd2 59. Rxd2 Bxf4 60. Rd1 Be3+ 61. Kh1 Qg3 62. Qd3 Rc7 63. Bb5 Bf4 64. Qxg3 hxg3 65. Ba6 Be3 66. Be2 Kf6 67. Rd3 Bf2 68. Bf3 g5 69. Rd1 Ke6 70. Ra1 g4 0-1

[Event "BI-2016-F-0000"]
[Site "LSS email"]
[Date "2016.02.14"]
[Round "?"]
[White "Jordan, Juergen"]
[Black "Koslowski, Volker"]
[Result "1/2-1/2"]
[WhiteElo "2173"]
[BlackElo "2335"]
[PlyCount "68"]
[EventDate "2016.02.20"]
[EventType "tourn (corr)"]
[EventRounds "10"]
[EventCountry "GER"]
[SourceTitle "Corr 2022"]
[Source "ChessBase"]
[SourceDate "2021.10.24"]
[SourceVersion "1"]
[SourceVersionDate "2021.10.24"]
[SourceQuality "1"]

1. e4 e5 2. Nf3 Nc6 3. Bb5 a6 4. Ba4 Nf6 5. 0-0 Be7 6. Re1 b5 7. Bb3 d6 8. c3 0-0 9. h3 Nb8 10. d3 Nbd7 11. Nbd2 c5 12. Nf1 Nb6 13. Bc2 Qc7 14. Ng3 Re8 15. Qe2 a5 16. d4 a4 17. a3 cxd4 18. cxd4 Nc4 19. Bd3 Bf8 20. Bg5 Nd7 21. Rac1 Ba6 22. Nf5 exd4 23. N3xd4 Nde5 24. Bf4 Rac8 25. Bb1 Qb6 26. Nf3 Bb7 27. Red1 Rc5 28. Nxe5 dxe5 29. Be3 Nxe3 30. Qxe3 Rxc1 31. Rxc1 Qxe3 32. Nxe3 Rc8 33. Rxc8 Bxc8 34. Bd3 Bd7 1/2-1/2

[Event "BI-2016-F-0000"]
[Site "LSS email"]
[Date "2016.02.14"]
[Round "?"]
[White "Koslowski, Volker"]
[Black "Meissner, Ruediger"]
[Result "1/2-1/2"]
[WhiteElo "2335"]
[BlackElo "2096"]
[PlyCount "39"]
[EventDate "2016.02.20"]
[EventType "tourn (corr)"]
[EventRounds "10"]
[EventCountry "GER"]
[SourceTitle "Corr 2022"]
[Source "ChessBase"]
[SourceDate "2021.10.24"]
[SourceVersion "1"]
[SourceVersionDate "2021.10.24"]
[SourceQuality "1"]

1. e4 c5 2. Nf3 d6 3. d4 cxd4 4. Nxd4 Nf6 5. Nc3 a6 6. Be3 Ng4 7. Bg5 h6 8. Bh4 g5 9. Bg3 Bg7 10. h3 Ne5 11. f3 Nbc6 12. Bf2 Ng6 13. Qd2 Nxd4 14. Bxd4 Bxd4 15. Qxd4 Qa5 16. 0-0-0 Be6 17. Bc4 Qe5 18. Bxe6 fxe6 19. Qb6 Kf7 20. Kb1 1/2-1/2

[Event "BI-2016-F-0000"]
[Site "LSS email"]
[Date "2016.02.14"]
[Round "?"]
[White "Schubert, Volker"]
[Black "Koslowski, Volker"]
[Result "1/2-1/2"]
[WhiteElo "2162"]
[BlackElo "2335"]
[PlyCount "47"]
[EventDate "2016.02.20"]
[EventType "tourn (corr)"]
[EventRounds "10"]
[EventCountry "GER"]
[SourceTitle "Corr 2022"]
[Source "ChessBase"]
[SourceDate "2021.10.24"]
[SourceVersion "1"]
[SourceVersionDate "2021.10.24"]
[SourceQuality "1"]

1. d4 Nf6 2. c4 e6 3. g3 d5 4. Bg2 dxc4 5. Nf3 a6 6. 0-0 Nc6 7. e3 Bd7 8. Qe2 b5 9. b3 cxb3 10. axb3 Bd6 11. Bb2 0-0 12. Rc1 Nd5 13. Ne5 Nxe5 14. dxe5 Bb4 15. Nc3 c6 16. Ne4 a5 17. Qg4 Be7 18. Bd4 h6 19. Rd1 Re8 20. Rac1 Bf8 21. Bc5 Bxc5 22. Nxc5 Re7 23. Qh4 Qf8 24. Be4 1/2-1/2

[Event "WC-2015-Q-00012"]
[Site "LSS email"]
[Date "2015.09.08"]
[Round "?"]
[White "Kireev, Sergey Ivanovich"]
[Black "Koslowski, Volker"]
[Result "0-1"]
[WhiteElo "2381"]
[BlackElo "2341"]
[PlyCount "150"]
[EventDate "2015.09.15"]
[EventType "tourn (corr)"]
[EventRounds "12"]
[EventCountry "GER"]
[SourceTitle "Corr 2022"]
[Source "ChessBase"]
[SourceDate "2021.10.24"]
[SourceVersion "1"]
[SourceVersionDate "2021.10.24"]
[SourceQuality "1"]

1. e4 c5 2. Nf3 d6 3. d4 cxd4 4. Nxd4 Nf6 5. Nc3 a6 6. Be3 e5 7. Nb3 Be6 8. h3 Be7 9. f4 b5 10. Qf3 0-0 11. 0-0-0 Nc6 12. f5 Bxb3 13. cxb3 d5 14. exd5 Nd4 15. Bxd4 exd4 16. Rxd4 Re8 17. Be2 Bc5 18. Rd3 Nd7 19. Qf4 Ne5 20. Rg3 Bd6 21. Qd4 Ng6 22. fxg6 Bxg3 23. gxf7+ Kxf7 24. Ne4 Qc7+ 25. Kb1 Qe5 26. Rf1+ Kg8 27. Qxe5 Bxe5 28. Bg4 h6 29. b4 Rad8 30. Be6+ Kh7 31. Nc5 Ra8 32. a3 Red8 33. g4 Ra7 34. h4 g6 35. h5 gxh5 36. gxh5 Kh8 37. Rf5 Bd4 38. Nb3 Bg7 39. Rf1 Rc7 40. Re1 Bf6 41. Nc5 Rg7 42. Re2 Rg5 43. Nxa6 Be5 44. Nc5 Rxh5 45. Bd7 Bf4 46. Bc6 Rh2 47. Re4 Bg5 48. Re6 Bf4 49. Ka2 h5 50. Ne4 Bc1 51. d6 Rxb2+ 52. Ka1 Re2 53. d7 Rxd7 54. Bxd7 Bxa3 55. Bxb5 Re1+ 56. Ka2 Bxb4 57. Be8 Rh1 58. Ng3 Re1 59. Rh6+ Kg8 60. Bxh5 Re5 61. Bf3 Kg7 62. Rb6 Bc5 63. Ra6 Kf8 64. Ne4 Rf5 65. Bg2 Rf7 66. Kb3 Bg1 67. Nf6 Rg7 68. Be4 Bd4 69. Nh7+ Kf7 70. Kc4 Be3 71. Bd5+ Ke8 72. Nf6+ Kf8 73. Kd3 Bg1 74. Rc6 Ra7 75. Bc4 Bh2 0-1

[Event "WC-2015-Q-00012"]
[Site "LSS email"]
[Date "2015.09.08"]
[Round "?"]
[White "Zielinski, Sergej"]
[Black "Koslowski, Volker"]
[Result "1/2-1/2"]
[WhiteElo "2281"]
[BlackElo "2341"]
[PlyCount "66"]
[EventDate "2015.09.15"]
[EventType "tourn (corr)"]
[EventRounds "12"]
[EventCountry "GER"]
[SourceTitle "Corr 2022"]
[Source "ChessBase"]
[SourceDate "2021.10.24"]
[SourceVersion "1"]
[SourceVersionDate "2021.10.24"]
[SourceQuality "1"]

1. c4 e5 2. Nc3 Nf6 3. Nf3 Nc6 4. g3 d5 5. cxd5 Nxd5 6. Bg2 Nb6 7. 0-0 Be7 8. a3 0-0 9. b4 Be6 10. Rb1 a6 11. d3 f5 12. Re1 Kh8 13. Bb2 Qd7 14. Na4 Nxa4 15. Qxa4 Bf6 16. Qc2 Rad8 17. Rbd1 Qf7 18. Nd2 Bd5 19. Bxd5 Qxd5 20. Qb3 Qd7 21. Qc4 Rfe8 22. Nf3 Nd4 23. Qc5 c6 24. Kg2 Qf7 25. Nxd4 Rd5 26. Qc1 exd4 27. e4 dxe3 28. Bxf6 Qxf6 29. Rxe3 Rxe3 30. Qxe3 Re5 31. Qd4 Kg8 32. Rc1 Kf7 33. Rc5 Rxc5 1/2-1/2

[Event "BI-2015-P-0000"]
[Site "LSS email"]
[Date "2015.04.16"]
[Round "?"]
[White "Esin, Maxim"]
[Black "Koslowski, Volker"]
[Result "1/2-1/2"]
[WhiteElo "1713"]
[BlackElo "2328"]
[PlyCount "84"]
[EventDate "2015.04.22"]
[EventType "tourn (corr)"]
[EventRounds "10"]
[EventCountry "GER"]
[SourceTitle "Corr 2022"]
[Source "ChessBase"]
[SourceDate "2021.10.24"]
[SourceVersion "1"]
[SourceVersionDate "2021.10.24"]
[SourceQuality "1"]

1. d4 d5 2. c4 c6 3. Nf3 Nf6 4. Nc3 e6 5. Bg5 h6 6. Bh4 dxc4 7. e4 g5 8. Bg3 b5 9. Be2 Bb7 10. h4 g4 11. Ne5 Nbd7 12. Bxg4 Nxe5 13. Bxe5 Rg8 14. Bf3 Nd7 15. Bg3 Qb6 16. 0-0 0-0-0 17. Kh1 Bg7 18. Bh5 Rgf8 19. Bd6 Qxd4 20. Qxd4 Bxd4 21. Rad1 Bc5 22. Bxf8 Rxf8 23. f4 b4 24. Na4 Be7 25. Be2 c5 26. Bxc4 Bxe4 27. Bb5 Bd5 28. Kh2 Nf6 29. Rc1 Kc7 30. Be2 Kc6 31. b3 Ne4 32. g3 Bf6 33. Bf3 Bd4 34. Bxe4 Bxe4 35. Rc4 Bd5 36. Rxc5+ Bxc5 37. Rc1 Kd6 38. Nxc5 a5 39. g4 Rg8 40. Kg3 f6 41. Na4 Be4 42. Rd1+ Ke7 1/2-1/2

[Event "BI-2015-P-0000"]
[Site "LSS email"]
[Date "2015.04.16"]
[Round "?"]
[White "Koslowski, Volker"]
[Black "Digiglio, Rafael"]
[Result "1-0"]
[WhiteElo "2328"]
[BlackElo "695"]
[PlyCount "43"]
[EventDate "2015.04.22"]
[EventType "tourn (corr)"]
[EventRounds "10"]
[EventCountry "GER"]
[SourceTitle "Corr 2022"]
[Source "ChessBase"]
[SourceDate "2021.10.24"]
[SourceVersion "1"]
[SourceVersionDate "2021.10.24"]
[SourceQuality "1"]

1. e4 e5 2. Nf3 Nf6 3. Nxe5 d6 4. Nf3 Nxe4 5. d4 d5 6. Bd3 Bg4 7. 0-0 Nc6 8. c4 Nxd4 9. Bxe4 dxe4 10. Qxd4 Bxf3 11. Qxd8+ Rxd8 12. gxf3 exf3 13. Be3 Bb4 14. a3 Bd6 15. Nd2 Bc5 16. Rae1 0-0 17. Bxc5 Rfe8 18. Bxa7 b6 19. Nxf3 Ra8 20. Rxe8+ Rxe8 21. Re1 Ra8 22. Re7 1-0

[Event "BI-2015-P-0000"]
[Site "LSS email"]
[Date "2015.04.16"]
[Round "?"]
[White "Koslowski, Volker"]
[Black "Mondino, Victor Nilo"]
[Result "1/2-1/2"]
[WhiteElo "2328"]
[BlackElo "2275"]
[PlyCount "100"]
[EventDate "2015.04.22"]
[EventType "tourn (corr)"]
[EventRounds "10"]
[EventCountry "GER"]
[SourceTitle "Corr 2022"]
[Source "ChessBase"]
[SourceDate "2021.10.24"]
[SourceVersion "1"]
[SourceVersionDate "2021.10.24"]
[SourceQuality "1"]

1. e4 c5 2. Nf3 d6 3. d4 Nf6 4. Nc3 cxd4 5. Nxd4 a6 6. Be3 e5 7. Nb3 Be6 8. f3 Nbd7 9. Qd2 b5 10. 0-0-0 h5 11. Nd5 Rc8 12. g3 Bxd5 13. exd5 Nb6 14. Bh3 Nc4 15. Qe2 Rc7 16. Kb1 g6 17. Bg5 Be7 18. Nd2 0-0 19. Nxc4 bxc4 20. f4 exf4 21. gxf4 Ne8 22. Bh6 Ng7 23. f5 g5 24. c3 Bf6 25. Rhg1 Kh7 26. Bxg7 Kxg7 27. Qxh5 Rh8 28. Qf3 Re7 29. Ka1 Re5 30. Rde1 Qe8 31. Rxe5 Qxe5 32. Rh1 Rh4 33. Bg4 Rxh2 34. Rxh2 Qxh2 35. Kb1 Qe5 36. a3 a5 37. Ka1 Qe1+ 38. Ka2 Be5 39. Bh5 Qd2 40. Bg4 a4 41. f6+ Bxf6 42. Bd7 Qd3 43. Qg2 Qd1 44. Bf5 Qc1 45. Bd7 Qd1 46. Bf5 Qh5 47. Bg4 Qh4 48. Bd1 Be5 49. Bxa4 g4 50. Bc2 Qg5 1/2-1/2

[Event "BI-2015-P-0000"]
[Site "LSS email"]
[Date "2015.04.16"]
[Round "?"]
[White "Koslowski, Volker"]
[Black "Stehling, Eva"]
[Result "1-0"]
[WhiteElo "2328"]
[BlackElo "1100"]
[PlyCount "31"]
[EventDate "2015.04.22"]
[EventType "tourn (corr)"]
[EventRounds "10"]
[EventCountry "GER"]
[SourceTitle "Corr 2022"]
[Source "ChessBase"]
[SourceDate "2021.10.24"]
[SourceVersion "1"]
[SourceVersionDate "2021.10.24"]
[SourceQuality "1"]

1. e4 e5 2. Nf3 Nf6 3. Nxe5 d6 4. Nf3 Nxe4 5. d4 d5 6. Bd3 Bf5 7. 0-0 Be7 8. Re1 0-0 9. c4 c6 10. Qc2 Bb4 11. Nc3 Nxc3 12. Bxf5 Ne4 13. Bxe4 dxe4 14. Rxe4 Re8 15. Rxe8+ Qxe8 16. Qb3 1-0

[Event "BI-2015-P-0000"]
[Site "LSS email"]
[Date "2015.04.16"]
[Round "?"]
[White "Koslowski, Volker"]
[Black "Tortosa, Horacio"]
[Result "1/2-1/2"]
[WhiteElo "2328"]
[BlackElo "1832"]
[PlyCount "51"]
[EventDate "2015.04.22"]
[EventType "tourn (corr)"]
[EventRounds "10"]
[EventCountry "GER"]
[SourceTitle "Corr 2022"]
[Source "ChessBase"]
[SourceDate "2021.10.24"]
[SourceVersion "1"]
[SourceVersionDate "2021.10.24"]
[SourceQuality "1"]

1. e4 g6 2. d4 Bg7 3. Nc3 c6 4. Nf3 d6 5. Be2 Nd7 6. a4 Qc7 7. 0-0 Ngf6 8. h3 0-0 9. Be3 b6 10. Qd2 Bb7 11. Bh6 a6 12. Bxg7 Kxg7 13. Qe3 e5 14. dxe5 dxe5 15. Bc4 b5 16. Bb3 Rae8 17. Rfd1 Qb6 18. Qe1 h6 19. Rd6 Qc7 20. Rad1 Rd8 21. R6d3 b4 22. Nb1 a5 23. Nbd2 Nc5 24. Rxd8 Rxd8 25. Nc4 Re8 26. Nd6 1/2-1/2

[Event "CP-2015-S-00003"]
[Site "LSS email"]
[Date "2015.03.02"]
[Round "?"]
[White "Koslowski, Volker"]
[Black "Tarmak, Mart"]
[Result "1-0"]
[WhiteElo "2314"]
[BlackElo "2147"]
[PlyCount "93"]
[EventDate "2015.03.08"]
[EventType "tourn (corr)"]
[EventRounds "7"]
[EventCountry "GER"]
[SourceTitle "Corr 2022"]
[Source "ChessBase"]
[SourceDate "2021.10.24"]
[SourceVersion "1"]
[SourceVersionDate "2021.10.24"]
[SourceQuality "1"]

1. e4 e5 2. Nf3 Nc6 3. Bb5 a6 4. Ba4 Nf6 5. 0-0 Be7 6. Re1 b5 7. Bb3 0-0 8. c3 d5 9. exd5 Nxd5 10. Nxe5 Nxe5 11. Rxe5 c6 12. d4 Bd6 13. Re1 Qh4 14. g3 Qh3 15. Be3 Bg4 16. Qd3 Rae8 17. Nd2 Re6 18. a4 Qh5 19. axb5 axb5 20. Nf1 Bf5 21. Qd2 Bh3 22. Bd1 Qg6 23. Bf3 Bf5 24. Bxd5 cxd5 25. Bf4 Rxe1 26. Rxe1 b4 27. Bxd6 Qxd6 28. Ne3 Be4 29. c4 Qf6 30. f4 dxc4 31. Nxc4 Bb7 32. d5 h6 33. Rd1 Qg6 34. Ne3 Qh5 35. h4 Qf3 36. Qf2 Qe4 37. Qe2 Re8 38. Kf2 Ba6 39. Qf3 Qe7 40. Rd4 Bb5 41. d6 Qa7 42. Re4 Rd8 43. Qd1 Qb6 44. Rxb4 Rxd6 45. Rxb5 Qxe3+ 46. Kxe3 Rxd1 47. b4 1-0

[Event "SM-2014-0-00308"]
[Site "LSS email"]
[Date "2014.11.06"]
[Round "?"]
[White "Nemec, Zdenek"]
[Black "Koslowski, Volker"]
[Result "1/2-1/2"]
[WhiteElo "2335"]
[BlackElo "2323"]
[PlyCount "54"]
[EventDate "2014.09.29"]
[EventType "tourn (corr)"]
[EventRounds "6"]
[EventCountry "GER"]
[SourceTitle "Corr 2022"]
[Source "ChessBase"]
[SourceDate "2021.10.24"]
[SourceVersion "1"]
[SourceVersionDate "2021.10.24"]
[SourceQuality "1"]

1. e4 e5 2. Nf3 Nc6 3. Bb5 a6 4. Ba4 Nf6 5. 0-0 Be7 6. d3 d6 7. c3 0-0 8. Nbd2 b5 9. Bc2 h6 10. Re1 Re8 11. h3 Bf8 12. d4 Bb7 13. a3 Nb8 14. a4 Nbd7 15. Bd3 d5 16. exd5 exd4 17. Nxd4 Rxe1+ 18. Qxe1 Bxd5 19. axb5 axb5 20. Rxa8 Qxa8 21. N2f3 c5 22. Nxb5 Bxf3 23. gxf3 Qxf3 24. Qe3 Qd1+ 25. Bf1 Ne5 26. Qxe5 Qxc1 27. Nd6 Bxd6 1/2-1/2

[Event "FICGS W-ch st1 gN 02 email"]
[Site "FICGS email"]
[Date "2014.11.01"]
[Round "1"]
[White "Fric, Lubos"]
[Black "Koslowski, Volker"]
[Result "1/2-1/2"]
[WhiteElo "2170"]
[BlackElo "2217"]
[PlyCount "66"]
[EventDate "2014.??.??"]
[EventType "tourn (corr)"]
[EventRounds "6"]
[SourceTitle "Corr 2022"]
[Source "ChessBase"]
[SourceDate "2021.10.24"]
[SourceVersion "1"]
[SourceVersionDate "2021.10.24"]
[SourceQuality "1"]

1. d4 d5 2. c4 c6 3. Nf3 Nf6 4. Nc3 e6 5. e3 Nbd7 6. Qc2 Bd6 7. Bd3 0-0 8. 0-0 dxc4 9. Bxc4 a6 10. Rd1 b5 11. Bd3 Bb7 12. Ng5 h6 13. Nge4 Bc7 14. Nxf6+ Nxf6 15. Ne4 Nxe4 16. Bxe4 Qe7 17. b3 Bd6 18. Bb2 Rac8 19. Qe2 Bxh2+ 20. Kxh2 Qh4+ 21. Kg1 Qxe4 22. f3 Qg6 23. Ba3 Rfd8 24. e4 Rd7 25. Qf2 a5 26. Bc5 a4 27. bxa4 bxa4 28. Qe2 Ra8 29. Qc2 Rdd8 30. Re1 Qg5 31. a3 Qh4 32. e5 Qg5 33. Ra2 Qg3 1/2-1/2